| 000 | 01096nam a22003014c 4500 | ||
|---|---|---|---|
| 003 | AR-BaSMT | ||
| 008 | 251008t2022 spa|||ar|||| 000 0 spa d | ||
| 020 | _a9788417028749 | ||
| 040 |
_aBSGB _bespañol _cBSGB _erda |
||
| 041 | 0 |
_aspa _hespañol |
|
| 080 | _a82-34 | ||
| 100 | 1 |
_aDios, Olga de _9390 |
|
| 245 | 1 | _aRana de Tres Ojos | |
| 250 | _aPrimera edición. | ||
| 264 | 1 |
_aZaragoza : _bApila Ediciones, _c2022. |
|
| 300 |
_a34 páginas ; _bilustraciones color. |
||
| 336 |
_2rda content _atexto _btxt |
||
| 337 |
_2rdamedia _asin mediacón _bn |
||
| 338 |
_2rdacarrier _avolumen _bnc |
||
| 490 | _aColección Mostruo Rosa | ||
| 520 | 1 | _aRana de Tres Ojos crece en un lugar contaminado. Salta muy alto para entender lo que sucede. Pronto descubre que quiere cambiar las cosas… ¿Conseguirá hacerlo sola? Un cuento para ilusionarnos con la búsqueda de soluciones comunes. | |
| 521 | _aJardín | ||
| 650 | 7 |
_98 _aLITERATURA INFANTIL _zEspaña |
|
| 650 | 7 |
_923 _aCUENTO _zEspaña |
|
| 653 |
_aEmociones _aRespeto _aEmpatía _aConvivencia |
||
| 942 |
_2ddc _aBOOK |
||
| 999 |
_c659 _d659 |
||